| 000 | 00628nam a2200193Ia 4500 | ||
|---|---|---|---|
| 003 | OSt | ||
| 005 | 20210826173248.0 | ||
| 008 | 210310s1993 ck fr 000 0 eng d | ||
| 040 |
_aCO-JMCR _cCO-JMCR |
||
| 041 | 0 | _aeng | |
| 082 | 0 | 4 |
_a332.672 / _bC679b1 _223 |
| 110 | 2 |
_aCoinvertir _938492 |
|
| 245 | 1 | 0 |
_aLegal framework for foreign investment in Colombia / _cCoinvertir |
| 260 |
_a[Bogotá] : _bCoinvertir, _c1993 |
||
| 300 |
_a35 páginas ; _c29 cm. |
||
| 505 | 0 | _aPrinciples and Main Characteristics -- Rights, registrations, and authorizations | |
| 650 | 1 | 4 |
_aInversiones extranjeras _916382 _zColombia |
| 942 |
_2ddc _cBK |
||
| 999 |
_c8117 _d8117 |
||